Ecología (Registro nro. 297119)
[ vista simple ]
| 000 -ENCABEZADO | |
|---|---|
| Número de control [NR] | 01284cam a2200349Mi 4500 |
| 005 - FECHA Y HORA DE LA ÚLTIMA TRANSACCIÓN | |
| control field | 20180312143026.0 |
| 008 - DE LONGITUD FIJA DE DATOS DE ELEMENTOS - INFORMACIÓN GENERAL | |
| Elementos de longitud fija [NR] | 141027s2013 sp ao frb 001 0 spa d |
| 020 ## - NUMERO INTERNACIONAL NORMALIZADO PARA LIBROS [R] | |
| Número Internacional Normalizado del libro [NR] | 9788436251234 |
| 020 ## - NUMERO INTERNACIONAL NORMALIZADO PARA LIBROS [R] | |
| Número Internacional Normalizado del libro [NR] | 9788436251616 |
| 040 ## - FUENTE DE CATALOGACION [NR] | |
| Agencia de catalogación original [NR] | CO-BoUCM |
| Idioma de catalogación [NR] | spa |
| Quien Cataloga | Jose A. Gerena |
| Quien Clasifica | Jose A. Gerena |
| 041 0# - CODIGO DE IDIOMA [R] | |
| Código de idioma para texto/pista de sonido o título separado [R] | Español |
| 245 00 - MENCION DE TITULO [NR] | |
| Título [NR] | Ecología |
| Mención de responsabilidad, etc. [NR] | Consuelo Escolástico León...[y otros] |
| 260 ## - PUBLICACION, DISTRIBUCION, ETC. (PIE DE IMPRENTA) [R] | |
| Lugar de publicación, distribución, etc. [R] | Madrid (España) |
| Nombre del editor, distribuidor, etc. [R] | Universidad Nacional de Educación a Discancia |
| Fecha de publicación, distribución, etc. [R] | 2005 |
| 300 ## - DESCRIPCION FISICA [R] | |
| Extensión [R] | volúmenes |
| Otros detalles físicos [NR] | ilustraciones, fotografías |
| 490 ## - MENCION DE SERIE [R] | |
| Mención de serie [R] | Ciencias ambientales |
| 490 ## - MENCION DE SERIE [R] | |
| Mención de serie [R] | Unidades didácticas |
| 504 ## - NOTA DE BIBLIOGRAFIA, ETC. [R] | |
| Nota de bibliografía, etc. [NR] | Incluye referencias bibliográficas e índices |
| 505 ## - NOTA DE CONTENIDO CON FORMATO PREESTABLECIDO [R] | |
| Información miscelánea [R] | V.1 |
| State manifest and birth record (1764-1977). | introducción, organismos y poblaciones . |
| 505 ## - NOTA DE CONTENIDO CON FORMATO PREESTABLECIDO [R] | |
| Información miscelánea [R] | V.2 |
| State manifest and birth record (1764-1977). | Comunidades y ecosistemas. |
| 650 #7 - ASIENTO SECUNDARIO DE MATERIA - TERMINO TEMATICO [R] | |
| Término temático o nombre geográfico como elemento de entrada [NR] | Ecología |
| 9 (RLIN) | 13631 |
| 650 #7 - ASIENTO SECUNDARIO DE MATERIA - TERMINO TEMATICO [R] | |
| Término temático o nombre geográfico como elemento de entrada [NR] | Biología de población |
| 9 (RLIN) | 10124 |
| 650 #7 - ASIENTO SECUNDARIO DE MATERIA - TERMINO TEMATICO [R] | |
| Término temático o nombre geográfico como elemento de entrada [NR] | Adaptación (Biología) |
| 9 (RLIN) | 8502 |
| 650 #7 - ASIENTO SECUNDARIO DE MATERIA - TERMINO TEMATICO [R] | |
| Término temático o nombre geográfico como elemento de entrada [NR] | Simbiosis |
| 9 (RLIN) | 24413 |
| 650 #7 - ASIENTO SECUNDARIO DE MATERIA - TERMINO TEMATICO [R] | |
| Término temático o nombre geográfico como elemento de entrada [NR] | Ecosistemas |
| 9 (RLIN) | 13726 |
| 650 #7 - ASIENTO SECUNDARIO DE MATERIA - TERMINO TEMATICO [R] | |
| Término temático o nombre geográfico como elemento de entrada [NR] | Medio ambiente |
| 9 (RLIN) | 19225 |
| 690 ## - ASUNTO AGREGADO LOCAL DE ENTRADA - TÉRMINO TEMÁTICO (OCLC, RLIN) | |
| 9 (RLIN) | 42755 |
| Acceso temático local | Ciencias naturales |
| 700 1# - ASIENTO SECUNDARIO - NOMBRE PERSONAL [R] | |
| Nombre personal [NR] | Escolástico León, Consuelo |
| 9 (RLIN) | 65573 |
| 700 1# - ASIENTO SECUNDARIO - NOMBRE PERSONAL [R] | |
| Nombre personal [NR] | Cabildo Miranda, Ma. del Pilar |
| 9 (RLIN) | 65574 |
| 700 1# - ASIENTO SECUNDARIO - NOMBRE PERSONAL [R] | |
| Nombre personal [NR] | Claramunt Vallespí, Rosa Ma. |
| 9 (RLIN) | 65575 |
| 942 ## - ELEMENTOS DE ENTRADA AGREGADOS (KOHA) | |
| Sistema de clasificación | DEWEY |
| Tema principal | Ciencias puras |
| Tipo de ítem principal el descrito en 300a | Libro |
| Edición | 1 |
| Clasificación | 574.5248 |
| Parte restante de la signatura top. | E193 |
| Título oculto en OPAC | No |
| Fecha de último préstamo | Total préstamos | Total Renewals | Signatura topográfica | Código de barras | Última vez visto | Volúmen / Fascículo | Ejemplar | Costo de reposición | Price effective from | Tipo de ítem | Nota pública (OPAC) | Perdido | Sistema de clasificación | Dañado | No prestable | Tipo de ítem específico | Suprimido | Ubicación habitual | Ubicación actual | Localización | Fecha de creación | Proveedor | Forma de adquisición | Costo |
|---|---|---|---|---|---|---|---|---|---|---|---|---|---|---|---|---|---|---|---|---|---|---|---|---|
| 07/10/2022 | 7 | 3 | 574.5248 E193 | 200027929 | 05/03/2026 | V.1 | Ej.1 | 57137.00 | 24/10/2014 | Libro | Spot Ciencias Naturales | DEWEY | Libro | Quinta de Mutis | Quinta de Mutis | 3er piso | 24/10/2014 | 15 | Compra | 56340.00 | ||||
| 02/03/2017 | 5 | 3 | 574.5248 E193 | 200027995 | 12/12/2025 | V.2 | Ej.1 | 94364.00 | 11/11/2014 | Libro | Spot Ciencias Naturales | DEWEY | Libro | Quinta de Mutis | Quinta de Mutis | 3er piso | 11/11/2014 | 37 | Compra | 94364.00 |